000 01116nam0a2200289 4500
001 RU\NLR\bibl\1464049
005 20250615235714.0
010 _a978-5-699-29439-8
_93000
021 _aRU
_b2009-37011
_910д/2010
035 _a(NLR Aleph) 001455793
090 _a1551816
_c1551816
100 _a20100122d2009 |||y0rusy50 ca
101 0 _arus
102 _aRU
105 _ay |||||||||
200 1 _aРабота над ошибками
_eбухгалтерский учет и налоги
_fС.А. Уткина
210 _aМосква
_cЭксмо
_d2009
215 _a255 с.
_d22
225 1 _aСправочник: руководителю и главному бухгалтеру
606 1 _aБухгалтерский учет
_jСправочники
_xОшибки
_xИсправление
_yРоссийская Федерация
_92097000
_3RU\NLR\auth\661268689
686 _aУ052.9(2)2-133я2
700 1 _aУткина
_bС. А.
_gСветлана Анатольевна
_4070
801 0 _aRU
_bNLR
_c20100122
_gRCR
801 1 _aRU
_bNLR
_c20100122
942 _cBOOK
980 _aNB